| 000 | 00692nam a2200277Ia 4500 | ||
|---|---|---|---|
| 003 | OSt | ||
| 005 | 20220912150624.0 | ||
| 006 | a|||||r|||| 00| 0 | ||
| 007 | ta | ||
| 008 | 220909b |||||||| |||| 00| 0 eng d | ||
| 024 | _a55315 | ||
| 037 | _cTextual | ||
| 040 |
_aCSL _beng _cCSL |
||
| 041 | _aeng | ||
| 082 | _aL:573, L51 | ||
| 100 | _aWilson E D | ||
| 245 | 0 | _aPrinciples of nutrition | |
| 250 | _a3 | ||
| 260 |
_aNew York _b John WIley _c1975 |
||
| 300 |
_axiii,598p. _ccm. |
||
| 650 | _aNutrition | ||
| 700 | _a Fisher K H | ||
| 700 | _a Fuqua M E | ||
| 942 |
_hL:573, L51 _cTEXL _2CC |
||
| 999 |
_c51195 _d51195 |
||